MDQL
is popping MORE tags! Check the
thread
!
Quizzes
Events
Quiz Creation
Community
Videos
Private Events
Remove Ads
Sign In
Join for FREE
Feedback
Dark Mode
Quiz Categories
Sports
Geography
Music
Movies
Television
Just For Fun
Miscellaneous
History
Literature
Language
Science
Gaming
Entertainment
Religion
Holiday
For Kids
Quiz Lab
Recent
Popular Today
Quiz Kudos Today
Editor Picks
Curator Picks
Quizzes by...
Day
Popularity
Type
Ratings
Length
Year
Community
Subscriptions
Recent Discussions
Orange Saloon
Badges
Playlists
Quests
Create
Leaderboards
Showdown
Live 5
Trivia Bingo
Activity
Puzzle Library
Sporcle Events
Private Events
Virtual Trivia
Globe League
Become a Host
Pub Owners
SporcleCon
Opinionation
Our Games
Videos
Blog
Mobile Apps
Partnerships
Remove Ads and Go Orange
Feedback
History
US Presidents
World Leaders
Politics
Nation
Discovery
War
Decade
Year
Century
Biography
Art
History
US Presidents
World Leaders
Politics
Nation
Discovery
War
Decade
Year
Century
Biography
Art
Random Quiz
Search Sporcle
×
Quiz Lab
Quiz Lab
History
US Presidents
Select answers by clicking on text or image buttons
Select answers by clicking on text or image buttons
Clickable
Best Score? Go Orange.
SCANDAL! (clickable) Stats
Can you pick the US Presidents during whose term these non-presidential scandals occured?
By
Hejman
4m
24 Questions
1,589 Plays
1,589 Plays
1,589 Plays
Comments
Comments
Give Quiz Kudos
Give Quiz Kudos
-
- Ratings
hide this ad
Forced Order
Answers have to be entered in order
Answers have to be entered in order
Replay
Link that replays current quiz
Next Quiz
Link to next quiz in quiz playlist
You Got
0%
They Got
Avg Score
40%
Avg Friend Score
Upgrade to see
Score Distribution
Jump to the score distribution portion of the page
Score
0/24
Timer
04:00
22
Plays Today
% Correct
Nixon
72.9%
Eisenhower
69.3%
Jefferson
58.1%
Bush
55.7%
Nixon
53.6%
Bush
52.8%
Bush
52.6%
Bush
51.4%
Bush
49.6%
Bush
47%
Bush
44%
Buchanan
44%
% Correct
Clinton
40.1%
Clinton
38.1%
Grant
33.9%
Adams
32.8%
Reagan
32.2%
Carter
27.9%
Jackson
23.7%
Taylor
23.2%
Obama
21.6%
Ford
19.9%
Reagan
19.6%
Obama
12.2%
Quiz Playlist
Details
Report
Send in Message
Add To Playlist
Clickable:
Select answers by clicking on text or image buttons
Forced Order:
Answers have to be entered in order
Last Updated: Feb 16, 2017
Quiz Scoreboard
CHALLENGE
Sign Up to Join the Scoreboard
Show All
Scores
Hide
Comments
May contain spoilers
Recently Published
1-10 Letter E Words III
by El_Dandy
Language
2m
Street Fighter Characters
by Artimus82
Gaming
60s
College Basketball Coaching Resumes
by pancakes188
Sports
9m
More to Explore
Quiz From the Vault
Featured Blog Post
Where Did the Easter Bunny Come From?
hide this ad
You Might Also Like...
Tags
Clickable Quiz
Politics Quiz
US Presidents Quiz
congress
House of Representatives
Presidental Cabinet
scandal
senate
senator
Today's Top Quizzes in History
Browse History
hide this ad
Today's Top Quizzes in US Presidents
Browse US Presidents
Top Contributed Quizzes in History
1
Popular People in 1991
2
Popular People in 1981
3
Popular People in 1951
4
Popular People in 1941
5
Popular People in 1986
6
Popular People in 1976
7
Popular People in 1921
8
5-to-1: 20th Century Images of War
9
I Am Born On March 28th
10
Popular People in 1946
Explore More
Trending Topics
Disney
Kpop
Marvel
Harry Potter
Crossword
Anime
NBA
Country
Song
NFL
The Office
Pokémon
Soccer
Puzzle
WWE
hide this ad
More By:
Hejman
Quiz
Plays
Rating
Category
Featured
Created
College Sports Logos
565,631
4.30
Sports
Jan 2, 2010
Bible or Quran?
556,648
4.35
Religion
Sep 13, 2011
Un-evolved Logos
492,341
4.29
Miscellaneous
Oct 25, 2010
Harry Potter Family Tree
491,450
3.83
Literature
May 16, 2011
History by Bobblehead
446,071
4.00
History
Apr 23, 2010
Go to Creator's Profile
Score Distribution
Quiz Creator Spotlight
Hejman
Follow
Send a Message
Quizzes Created
-
Created Quiz Play Count
-
More By This Creator
Popular Quizzes Today
1
Find the US States - No Outlines Minefield
2
Find the Countries of Europe - No Outlines Minefield
3
The Countries of the World
4
Find the US States
5
Risky Map Clicking: Biggest States A-Z
6
US States
7
Popular People in 1961
8
Movies - When Are They Set?
More History Quizzes
Sunday Crossword: Six Nations
Curator's Pick
Trending Quizzes
Risky Map Clicking: Least Populous States A-Z
Billboard Blitz: Aretha Franklin
Famous Russians: Author or Composer?
Countries of the World: 200 Million BC
1-10 Letter G Words
Recently Updated
Leaping Animals
pecheneg
Reality TV Shows (A-Z)
bhenderson79
Rickey Henderson's Hall of Fame Teammates
pecheneg
Champions League XIs: Arsenal
pecheneg
Quick Pick: Celebrities in WWE's Hall of Fame
aduchscher
A-Z Keypad Blitz II
pecheneg
Multiple Oscar Actors
pecheneg
Mystery Phrase Blitz: Oscar 'Best Actors'
pecheneg
F. Scott Fitzgerald Novels
LTH
Pick 3 Villains
ddd62291
Trending Topics
Crossword
Marvel
NBA
Harry Potter
Kpop
Disney
Anime
Soccer
Pokémon
Song
The Office
WWE
Puzzle
NFL
Country
Your Account Isn't Verified!
In order to create a playlist on Sporcle, you need to verify the email address you used during registration. Go to your
Sporcle Settings
to finish the process.
Report this User
Report this user for behavior that violates our
Community Guidelines
.
Details:
Send Report
Go to the Sporcle.com Mobile Site →
Comments